Health sector policy paper : Second edition

Сохранить в:
Библиографические подробности
Соавтор: Word Bank
Формат:
Опубликовано: Washington, D. C. : Word Bank, 1980.
Предметы:
Метки: Добавить метку
Нет меток, Требуется 1-ая метка записи!

MARC

LEADER 00000nam a2200000 4500
020 |a NA 
040 |a MUL  |b eng  |e AACR 
082 |2 22  |a 614 WOR  |b 1 
110 |a Word Bank 
245 |a Health sector policy paper :   |b Second edition  |c c1980. 
260 |a Washington, D. C. :   |b Word Bank,   |c 1980. 
300 |a 87 p. :   |b ill. ;   |c 21 cm. 
650 |a Health condition   |z Developing countries 
650 |a Health policy  |z Developing countries 
942 |c BK 
999 |c 3493  |d 3493